| 000 | 00444 a2200133 4500 | ||
|---|---|---|---|
| 020 | _a9789968472890 | ||
| 082 |
_a193.092 _bF811a |
||
| 100 |
_aFragomero, Roberto _9934 |
||
| 245 |
_aAgitator mundi _bKant y la razon en busca de su nombre |
||
| 260 |
_aSan Jose, Costa Rica _bEditorial Arlekin _c2010 |
||
| 300 |
_a105 p _bill (col) _c21 cm |
||
| 650 |
_xKant, Immanuel _xcritica e interpretacion _xfilosofia moderna _9935 |
||
| 700 |
_aRoberto Fragomero _9936 |
||
| 999 |
_c200 _d200 |
||